Loading...
| Beliefs | 12 | 19.17 | 100% | 83% | 8% |
| Current Events | 5 | 14.00 | 100% | 40% | 0% |
| Fine Arts - Auditory Fine Arts | 2 | 15.00 | 100% | 50% | 0% |
| Fine Arts - Visual Fine Arts | 9 | 14.44 | 100% | 44% | 0% |
| Geography | 2 | 10.00 | 100% | 0% | 0% |
| History - American History | 8 | 17.50 | 100% | 38% | 38% |
| History - European History | 5 | 22.00 | 100% | 100% | 20% |
| History - World History | 7 | 15.71 | 100% | 57% | 0% |
| Literature - American Literature | 7 | 20.00 | 100% | 71% | 29% |
| Literature - British Literature | 8 | 21.25 | 100% | 75% | 38% |
| Literature - European Literature | 3 | 23.33 | 100% | 100% | 33% |
| Literature - World Literature | 1 | 20.00 | 100% | 0% | 100% |
| Other Academic | 2 | 10.00 | 50% | 50% | 0% |
| Other Arts: Auditory | 4 | 10.00 | 75% | 25% | 0% |
| Other Arts: Visual | 2 | 20.00 | 100% | 50% | 50% |
| Other Science: Astronomy | 1 | 10.00 | 100% | 0% | 0% |
| Other Science: Computer Science | 2 | 10.00 | 100% | 0% | 0% |
| Other Science: Math | 2 | 5.00 | 50% | 0% | 0% |
| Philosophy | 4 | 15.00 | 75% | 50% | 25% |
| Science - Biology | 5 | 12.00 | 80% | 40% | 0% |
| Science - Chemistry | 9 | 14.44 | 100% | 44% | 0% |
| Science - Physics | 7 | 14.29 | 100% | 29% | 14% |
| Social Science | 2 | 20.00 | 100% | 100% | 0% |
| 10 | 19.00 | 100% | 70% | 20% |